000 00433cam a2200169ua 4500
041 _aeng
_h
082 _a574.0285
_bSEL/AP
100 _aSelzer, P.M .
245 _aApplied bioinformatics: an introduction /
_cP.M.Selzer.
_hTextual Documents
260 _aNew York :
_bSpringer Verlag ,
_c2008.
300 _a ; .
504 _a
700 1 _aMarhofer, R.J .
700 1 _aRohwer, A .
942 _cBK
999 _c13517
_d13517